Goodman & Gilman's the pharmacological basis of therapeutics / (Record no. 124634)
[ view plain ]
| 000 -LEADER | |
|---|---|
| fixed length control field | 00867cam a2200265 i 4500 |
| 001 - CONTROL NUMBER | |
| control field | 19771974 |
| 005 - DATE AND TIME OF LATEST TRANSACTION | |
| control field | 20211110114928.0 |
| 008 - FIXED-LENGTH DATA ELEMENTS--GENERAL INFORMATION | |
| fixed length control field | 170630s2018 nyua b 001 0 eng |
| 020 ## - INTERNATIONAL STANDARD BOOK NUMBER | |
| International Standard Book Number | 9781259584732 (hardcover) |
| 020 ## - INTERNATIONAL STANDARD BOOK NUMBER | |
| International Standard Book Number | 1259584739 (hardcover) |
| 040 ## - CATALOGING SOURCE | |
| Transcribing agency | PK-LaUMT |
| 082 00 - DEWEY DECIMAL CLASSIFICATION NUMBER | |
| Classification number | 615.7 |
| Edition number | 23 |
| Item number | GOO- |
| 245 00 - TITLE STATEMENT | |
| Title | Goodman & Gilman's the pharmacological basis of therapeutics / |
| Statement of responsibility, etc | edited by Laurence L. Brunton, Randa Hilal-Dandan and Björn C. Knollmann |
| 250 ## - EDITION STATEMENT | |
| Edition statement | 13th ed. |
| 260 ## - PUBLICATION, DISTRIBUTION, ETC. (IMPRINT) | |
| Place of publication, distribution, etc | New York : |
| Name of publisher, distributor, etc | McGraw-Hill, |
| Date of publication, distribution, etc | 2018 |
| 300 ## - PHYSICAL DESCRIPTION | |
| Extent | xiii, 1419 p. : |
| Other physical details | color illustrations ; |
| Dimensions | 29 cm |
| 650 12 - SUBJECT ADDED ENTRY--TOPICAL TERM | |
| Topical term or geographic name as entry element | Pharmacological Phenomena |
| 650 22 - SUBJECT ADDED ENTRY--TOPICAL TERM | |
| Topical term or geographic name as entry element | Pharmaceutical Preparations |
| 650 22 - SUBJECT ADDED ENTRY--TOPICAL TERM | |
| Topical term or geographic name as entry element | Pharmacokinetics |
| 650 22 - SUBJECT ADDED ENTRY--TOPICAL TERM | |
| Topical term or geographic name as entry element | Drug Therapy |
| 700 1# - ADDED ENTRY--PERSONAL NAME | |
| Personal name | Brunton, Laurence L., |
| 700 1# - ADDED ENTRY--PERSONAL NAME | |
| Personal name | Knollmann, Björn C., |
| 700 1# - ADDED ENTRY--PERSONAL NAME | |
| Personal name | Hilal-Dandan, Randa., |
| 942 ## - ADDED ENTRY ELEMENTS (KOHA) | |
| Koha item type | Books |
| Withdrawn status | Lost status | Damaged status | Home library | Current library | Date acquired | Full call number | Barcode | Date last seen | Price effective from | Koha item type | Copy number |
|---|---|---|---|---|---|---|---|---|---|---|---|
| UMT Health Sciences Campus | UMT Health Sciences Campus | 2021-11-10 | 615.7 GOO- | 139372 | 2021-11-10 | 2021-11-10 | Books | ||||
| UMT Health Sciences Campus | UMT Health Sciences Campus | 2021-11-10 | 615.7 GOO- | 139373 | 2022-12-23 | 2021-11-10 | Books | C.2 | |||
| UMT Health Sciences Campus | UMT Health Sciences Campus | 2021-11-10 | 615.7 GOO- | 139374 | 2025-02-17 | 2021-11-10 | Books | C.3 | |||
| UMT Health Sciences Campus | UMT Health Sciences Campus | 2021-11-10 | 615.7 GOO- | 139375 | 2026-02-11 | 2021-11-10 | Books | C.4 | |||
| UMT Health Sciences Campus | UMT Health Sciences Campus | 2021-11-10 | 615.7 GOO- | 139376 | 2021-11-10 | 2021-11-10 | Books | C.5 |
